Vplyv transformujúcej sa spoločnosti na koncept roly otca a matky

Bibliographic Details
Main Author: Matúšová, Silvia (Author)
Format: Article
Language:Slovak
PhysicalDescription:Tabuľky
ISSN:1336-2282
Subjects:
Online Access:http://studiascientifica.ku.sk/

MARC

LEADER 00000nab a2200000 4500
001 vtls011971789
003 SK-MaSNL
005 20260304171447.0
008 200604|2019 xo |||| ||an ||00 0|slo
015 |a SNBRB2020/06 
040 |a SPKCL  |b slo  |e rda 
041 |a slo  |b eng 
044 |a xo  |c SK 
072 7 |a 316.36  |x manželstvo a rodina. Sexuálne vzťahy.  |2 konspekt 
080 |a 316.36  |2 2011 
100 1 |a Matúšová, Silvia  |4 aut  |9 9200 
245 1 0 |a Vplyv transformujúcej sa spoločnosti na koncept roly otca a matky  |c Silvia Matúšová 
300 |b Tabuľky 
336 |a text  |b txt  |2 rdacontent 
337 |a bez média  |b n  |2 rdamedia 
338 |a zväzok  |b nc  |2 rdacarrier 
504 |a Obsahuje bibliografiu 
546 |a Anglické resumé 
650 0 7 |a rodina  |2 SNKPH  |9 4138 
650 0 7 |a otec  |2 SNKPH  |9 1058409 
650 0 7 |a matka  |2 SNKPH  |9 944168 
650 0 7 |a spoločnosť  |2 SNKPH  |9 1013 
773 0 |t Studia scientifica Facultatis paedagogicae  |g Roč. 18, č. 3 (2019), s. 17-24  |x 1336-2282 
856 4 1 |u http://studiascientifica.ku.sk/ 
958 |a NB 
999 |c 2993655  |d 2995585